| 000 | 00800nam a2200205Ia 4500 | ||
|---|---|---|---|
| 001 | 12504 | ||
| 003 | GE_BSU | ||
| 008 | 181216s||||||||xx |||||||||||||| ||und|| | ||
| 040 | _cGE_BSU | ||
| 080 | _a635.977 | ||
| 245 | _aСборник трудов по зеленому строительству | ||
| 245 | _bСочинская научно-исследовательская опытная станция субтропического лесного и лесопаркового хозяиства | ||
| 245 | _cРед.А.Л.Коркешко | ||
| 260 | _aМосква | ||
| 260 | _bЛесная промышленность | ||
| 260 | _c1964 | ||
| 300 | _a219стр.22см.илл. | ||
| 653 | _aСборник трудов по зеленому строительству | ||
| 942 | _cBK | ||
| 999 |
_c45678 _d45678 |
||